000 00315nam a22001337a 4500
008 170906b xxu||||| |||| 00| 0 eng d
020 _a0442268580
041 _aeng
080 _a72
100 _a41
101 _aARK
245 _aANTIQUE FURNITURE REPRODUCTION: 15 EASY PROJECTS
_cNELSON,J.A
942 _2udc
_cBK
999 _c26263
_d26263